| 000 | 00654nam a2200241Ia 4500 | ||
|---|---|---|---|
| 003 | OSt | ||
| 005 | 20221007071649.0 | ||
| 006 | a|||||r|||| 00| 0 | ||
| 007 | ta | ||
| 008 | 221006b |||||||| |||| 00| 0 eng d | ||
| 020 | _a0861872614 | ||
| 024 | _a5 | ||
| 037 | _cReference Collections | ||
| 040 |
_aFLL _cFLL _beng |
||
| 041 |
_2eng _aeng |
||
| 082 | _a4:Z5, M3 | ||
| 245 | 0 | _aCensorshipand Political Communication in Eastern Europe Ed. George Schopflin | |
| 260 |
_aLondon _bFrances Printer London _c1983 |
||
| 300 |
_a175 _ccm. |
||
| 650 | _aLaw | ||
| 942 |
_h4:Z5, M3 _cREF _2CC |
||
| 999 |
_c1143917 _d1143917 |
||